000 00271nam a2200109Ia 4500
008 220204s9999 xx 000 0 und d
082 _a630*81
_bWAS
100 _aWASSINK, J T
245 0 _aMan wood relationship
260 _aAmsterdam
_bKoninklijk Inst
_c1976
942 _cBK
999 _c26236
_d26236